000 00688nam a2200229 a 4500
001 13132
003 BD-JhCC
005 20230713090423.0
008 171031s2022 bg ||||| ||a| 00| 0 ben d
020 _a9789849613176
035 _a(BD-JhCC)13132
040 _aBD-JhCC
_dBD-JhCC
041 _abengali
082 _a891.4435
_bSYE 2022
100 _aসৈয়দ, আবদুল মান্নান
245 _aগল্পসমগ্র /
_cআবদুল মান্নান সৈয়দ।
260 _aঢাকা :
_bঅনন্যা;
_c2022.
300 _a671 p. :
_c21 cm.
650 _aCollection of Bengali Short story
942 _2ddc
_cBK
999 _c13132
_d13132